000 00559nam a22002177a 4500
003 UA-OsUOA
001 37044
007 ta
008 20060222b un ||||| |||| 00| 0 ukr d
100 _aВільсон Е.
090 _a32
_bВ11
942 _cSA
040 _aUA-OsUOA
_bukr
_cUA-OsUOA
_dUA-OsUOA
245 _aВіртуальна політика фіктивних демократій
300 _aС.13-16
955 _a0
041 _aukr
080 _a32
773 0 _w37040
_tКритика
_dК.
_d2006
_g2
650 7 _a32 Політика
_2UDC
999 _c323268
_d323268